00331 2200145 4500001002100000005001500021035002000036245002600056100001600082250000600098260003500104082000800139084001400147990002400161INLIS00000000000251220250604113712 a0010-06250000981 aPulang /cToha Mohtar0 aToha Mohtar a1 aJakarta :bPustaka Jaya,c2002 a813 a813 TOH p a02.1720 s/d 02.1729